Bury Me At Makeout Creek songs - Mitski - Statistics

General Stats
  • This quiz has been taken 86 times
  • The average score is 9 of 10
Answer Stats
Song % Correct
First Love / Late Spring
91%
Francis Forever
90%
I Will
90%
Townie
90%
Last Words of a Shooting Star
88%
Texas Reznikoff
87%
Drunk Walk Home
84%
Carry Me Out
82%
I Don't Smoke
79%
Jobless Monday
79%
No matching quizzes found
Score Distribution
Percent of People with Each Score
Percentile by Number Answered
Your Score History
You have not taken this quiz